CTA Annual report: cta responds to the winds of change (Record no. 39272)

MARC details
000 -LEADER
fixed length control field 00670nam a2200157 a 4500
008 - FIXED-LENGTH DATA ELEMENTS--GENERAL INFORMATION
fixed length control field 090527s2008 ||||||||||||||||| || u
020 ## - INTERNATIONAL STANDARD BOOK NUMBER
International Standard Book Number 9789290814108
050 ## - LIBRARY OF CONGRESS CALL NUMBER
Classification number CTA(058)
110 ## - MAIN ENTRY--CORPORATE NAME
Corporate name or jurisdiction name as entry element Technical Centre for Agricultural and Rural Cooperation (CTA)
245 10 - TITLE STATEMENT
Title CTA Annual report: cta responds to the winds of change
Statement of responsibility, etc. edited by Smart, Pippa
260 ## - PUBLICATION, DISTRIBUTION, ETC.
Place of publication, distribution, etc. France
Name of publisher, distributor, etc. The technical centre for agricultural and rural cooperation
Date of publication, distribution, etc. 2008
300 ## - PHYSICAL DESCRIPTION
Extent 11p. :ill
350 ## - PRICE (NR) (BK AM CF MU VM SE) [OBSOLETE]
Price 0.00
650 ## - SUBJECT ADDED ENTRY--TOPICAL TERM
Topical term or geographic name entry element AGRICULTURE
995 ## - RECOMMENDATION 995 [LOCAL, UNIMARC FRANCE]
-- 0.00
-- CBU-MAIN LIBRARY (Kitwe)
-- 1
-- 0.00
-- 1
-- AVAILABLE
-- May 28, 2009
-- International Publications
Holdings
Withdrawn status Lost status Source of classification or shelving scheme Damaged status Not for loan Home library Current library Shelving location Date acquired Total Checkouts Full call number Barcode Date last seen Price effective from Koha item type
          CBU-MAIN LIBRARY, KITWE. CBU-MAIN LIBRARY, KITWE.   11/30/2022   CTA(058) Z03004074 11/30/2022 11/30/2022 MONOGRAPH